Fluid Mechanics and Thermodynamics of Turbomachinery (Record no. 32670)

000 -LEADER
fixed length control field 00406nam a22001697a 4500
003 - CONTROL NUMBER IDENTIFIER
control field NUST
022 ## - INTERNATIONAL STANDARD SERIAL NUMBER
International Standard Serial Number 9789380501529
038 ## - RECORD CONTENT LICENSOR
Staff Name Khadija
082 ## - DEWEY DECIMAL CLASSIFICATION NUMBER
Classification number 620.106
Author Mark DIX
100 ## - MAIN ENTRY--PERSONAL NAME
Personal name Dixon, S. L.
9 (RLIN) 63320
245 ## - TITLE STATEMENT
Title Fluid Mechanics and Thermodynamics of Turbomachinery
260 ## - PUBLICATION, DISTRIBUTION, ETC.
Place of publication, distribution, etc. New York:
Name of publisher, distributor, etc. Elsevier,
Date of publication, distribution, etc. 2010.
300 ## - PHYSICAL DESCRIPTION
Extent 459p. ;
Other physical details 26 cm.
500 ## - GENERAL NOTE
General note Paperback.
563 ## - BINDING INFORMATION
Binding note PB
942 ## - ADDED ENTRY ELEMENTS (KOHA)
Koha item type Book
Source of classification or shelving scheme
Holdings
Withdrawn status Lost status Source of classification or shelving scheme Damaged status Not for loan Permanent Location Current Location Shelving location Date acquired Total Checkouts Full call number Barcode Checked out Date last seen Date last checked out Price effective from Koha item type Public note
          School of Mechanical & Manufacturing Engineering (SMME) School of Mechanical & Manufacturing Engineering (SMME) General Stacks 10/13/2015 1 620.106 DIX SMME-1550 05/29/2026 01/29/2026 01/29/2026 10/13/2015 Book Rack,43-Shelf,2
© 2023 Central Library, National University of Sciences and Technology. All Rights Reserved.